Environmental chemistry with green chemistry / (Record no. 39692)

MARC details
000 -LEADER
fixed length control field 00747nam a22002177a 4500
005 - DATE AND TIME OF LATEST TRANSACTION
control field 20100806121157.0
010 ## - LCCN (DPL NO)
LC control number ENG-98496
020 ## - INTERNATIONAL STANDARD BOOK NUMBER
International Standard Book Number 8187134321
Terms of availability 545.00
020 ## - INTERNATIONAL STANDARD BOOK NUMBER
International Standard Book Number 9788187134329
Terms of availability 545.00
035 ## - SYSTEM CONTROL NUMBER
System control number EN-82029
037 ## - SOURCE OF ACQUISITION
Source of stock number/acquisition DBAD/PUB
082 ## - DEWEY DECIMAL CLASSIFICATION NUMBER
Classification number 540
100 ## - MAIN ENTRY--PERSONAL NAME
Personal name Das. Asim k
245 ## - TITLE STATEMENT
Title Environmental chemistry with green chemistry /
Statement of responsibility, etc by Asim K. Das
260 ## - PUBLICATION, DISTRIBUTION, ETC. (IMPRINT)
Place of publication, distribution, etc Kolkata
Name of publisher, distributor, etc Books and Allied
Date of publication, distribution, etc 2010
270 ## - ADDRESS
Address No.1-E(1) Shubham plaza 1st Floor 83/1, Beliaghata Main Road
City Kolkata
Postal code 700010
300 ## - PHYSICAL DESCRIPTION
Extent various pagings
Dimensions 24cm (Hb)
500 ## - GENERAL NOTE
General note Includes index
942 ## - ADDED ENTRY ELEMENTS (KOHA)
Source of classification or shelving scheme Dewey Decimal Classification
Item type English Books
Classification part 540
Call number suffix DAS
Holdings
Withdrawn status Lost status Not for loan Collection code Home library Current library Date acquired Source of acquisition Cost, normal purchase price Full call number Barcode Copy number Cost, replacement price Koha item type
    Not For Loan Non-fiction D.B.Act.Division D.B.Act.Division 06/08/2010 DBAD/PUB 545.00 540 DAS EN-82029 1 545.00 English Books

© Delhi Public Library
Hit Counter
free hit counter